|
|
|
|
| LEADER |
00792nam a2200217 a 4500 |
| 001 |
00001697 |
| 008 |
100720s1981 enka 001 0 eng d |
| 010 |
|
|
|a 97017610
|
| 020 |
|
|
|a 0712112774
|
| 040 |
|
|
|a BD-DhAAL
|c BD-DhAAL
|d BD-DhAAL
|
| 082 |
0 |
0 |
|a 658.4
|2 19
|
| 100 |
1 |
|
|a Anderson, Ronald Gordon.
|
| 245 |
0 |
0 |
|a Management planning and control /
|c Ronald Gordon Anderson.
|
| 260 |
|
|
|a Estover :
|b Macdonald and Evans,
|c 1981.
|
| 300 |
|
|
|a xviii, 380 p. :
|b col. ill. ;
|c 18 cm.
|
| 504 |
|
|
|a Includes index.
|
| 541 |
1 |
|
|e 00001697
|
| 650 |
|
0 |
|a Industrial management.
|
| 852 |
4 |
|
|a Ayesha Abed Library
|j General shelf
|
| 999 |
|
|
|c 9361
|d 9361
|
| 952 |
|
|
|0 0
|1 0
|2 ddc
|4 0
|6 658_400000000000000_AND_1981
|7 0
|9 12091
|a BRACUL
|b BRACUL
|c GEN
|d 2010-09-26
|g 270.00
|l 0
|o 658.4 AND
|p 3010001697
|r 2010-09-26
|t 1
|w 2010-09-26
|y BK
|